000 00598cam a2200229 4500
001 B2771
008 090401t1990 xxu||||| |||| 00| 0 eng d
035 _a(Sirsi) u52054
041 _aeng
050 _a333.337016
110 _aNorthern Ireland Valuation and Lands Office
_93198
245 _aRetail Property Belfast : rental index 1980-1989
260 _aBelfast
_bValuation and Lands Office
_c1990
300 _a(4)p. ; 30cm.
350 _a5.95
650 _aNORTHERN IRELAND
650 _aPROPERTY INDEXES
650 _aRENT
650 _aSHOPS
942 _n0
948 _c04/03/1997
999 _c92987
_d92987